[Event "SPECIFY 7"]
[Site "SchemingMind.com"]
[Date "2014.08.08"]
[Round "-"]
[White "Helga1946"]
[Black "David Perna-Fraser"]
[Result "1-0"]
[WhiteCountry "GER"]
[BlackCountry "CAN"]
[WhiteElo "1989"]
[WhiteRD "108"]
[BlackElo "2011"]
[BlackRD "112"]
[GameID "362768"]

1. e4 e5 2. Nf3 Nf6 3. Nxe5 d6 4. Nf3 Nxe4 5. d4 d5 6. Bd3 Bd6 7. O-O O-O 8. Re1 Re8 9. c4 c6 10. Nc3 Nxc3
11. bxc3 Rxe1+ 12. Qxe1 h6 13. h3 Be6 14. c5 Bc7 15. Rb1 b6 16. Ne5 bxc5 17. dxc5 Qf6 18. Ng4 Qd8 19. Bxh6 Nd7 20. Be3 Bxg4
21. hxg4 Qh4 22. g3 Qxg4 23. Bd4 Nf8 24. Qe2 Qxe2 25. Bxe2 Ne6 26. Bg4 Nxd4 27. cxd4 Ba5 28. Bd7 Bc3 29. Bxc6 Rc8 30. Bd7 Rc7
31. c6 Bxd4 32. Rd1 Bf6 33. Rxd5 Kf8 34. Kg2 Ke7 35. f4 g6 36. Kf3 Bg7 37. Ke4 Bf6 38. Rd3 Bg7 39. Kd5 Rxd7+ 40. cxd7 Kxd7
41. Ra3
1-0

[Event "SPECIFY 7"]
[Site "SchemingMind.com"]
[Date "2014.08.07"]
[Round "-"]
[White "Steven DuCharme"]
[Black "dmlowrey"]
[Result "1-0"]
[WhiteCountry "USA"]
[BlackCountry "USA"]
[WhiteElo "1656"]
[WhiteRD "65"]
[BlackElo "1452"]
[BlackRD "98"]
[GameID "362772"]

1. b3 d5 2. Bb2 Nf6 3. g3 c6 4. Bg2 Bf5 5. d3 e6 6. e3 Bb4+ 7. c3 Ba5 8. Ne2 O-O 9. h3 h6 10. O-O b5
11. Nd4 Bh7 12. Qe2 Nbd7 13. Nxc6 Qc7 14. Nxa5 Qxa5 15. Nd2 Rac8 16. a4 b4 17. cxb4 Qxb4 18. Ba3 Qc3 19. Bxf8 Kxf8 20. Rfc1 Qxc1+
21. Rxc1 Rxc1+ 22. Kh2 Rc2 23. f3 Nc5 24. Qd1 Bxd3 25. Bf1 Bh7 26. Kg1 Nh5 27. e4 Rc3 28. Qa1 d4 29. b4 Nb3 30. Nxb3 Rxb3
31. Qxd4 Rxf3 32. Qd8#
1-0

[Event "SPECIFY 7"]
[Site "SchemingMind.com"]
[Date "2014.08.07"]
[Round "-"]
[White "dmlowrey"]
[Black "Steven DuCharme"]
[Result "0-1"]
[WhiteCountry "USA"]
[BlackCountry "USA"]
[WhiteElo "1452"]
[WhiteRD "98"]
[BlackElo "1656"]
[BlackRD "65"]
[GameID "362773"]

1. d4 d5 2. Bf4 Bf5 3. Nf3 Nf6 4. e3 e6 5. Bd3 Bxd3 6. Qxd3 Bd6 7. Bg3 a6 8. O-O O-O 9. c4 dxc4 10. Qxc4 b5
11. Qc2 Qd7 12. Bxd6 cxd6 13. Nc3 Rc8 14. Qd3 Nc6 15. a3 Ra7 16. Rac1 b4 17. Na4 Qb7 18. axb4 Qxb4 19. Rc4 Qb5 20. e4 Nxe4
21. Nc3 Nxc3 22. Qxc3 Rac7 23. Rc1 h6 24. Qa3 Rd7 25. Qc3 Rdc7 26. h3 Nxd4 27. Nxd4 Qxc4 28. Qxc4 Rxc4 29. Rxc4 Rxc4 30. Nb3 Rb4
31. Na5 Rxb2 32. Kf1 d5 33. Ke1 g6 34. g3 Rb6 35. Ke2 f6 36. Kd3 e5 37. f3 Kf7 38. Kc3 Ke6 39. Kd3 Kd6 40. Kc3 Kc5
41. Nb3+ Rxb3+ 42. Kxb3 Kd4 43. Kc2 Ke3
0-1

[Event "SPECIFY 7"]
[Site "SchemingMind.com"]
[Date "2014.08.12"]
[Round "-"]
[White "emvarela"]
[Black "dmlowrey"]
[Result "1-0"]
[WhiteCountry "ARG"]
[BlackCountry "USA"]
[WhiteElo "1686"]
[WhiteRD "48"]
[BlackElo "1547"]
[BlackRD "80"]
[GameID "362776"]

1. e4 c6 2. d4 d5 3. Nc3 dxe4 4. Nxe4 Bf5 5. Ng3 Bg6 6. h4 h6 7. Nf3 e6 8. h5 Bh7 9. Bd3 Bxd3 10. Qxd3 Nd7
11. Bf4 Be7 12. O-O-O Qc7 13. Bxc7
1-0

[Event "SPECIFY 7"]
[Site "SchemingMind.com"]
[Date "2014.08.11"]
[Round "-"]
[White "dmlowrey"]
[Black "emvarela"]
[Result "0-1"]
[WhiteCountry "USA"]
[BlackCountry "ARG"]
[WhiteElo "1547"]
[WhiteRD "80"]
[BlackElo "1686"]
[BlackRD "48"]
[GameID "362777"]

1. d4 Nf6 2. Nf3 d5 3. Bf4 e6 4. e3 Bd6 5. Bd3 Bxf4 6. exf4 O-O 7. Nbd2 Nbd7 8. O-O a6 9. c4 dxc4 10. Nxc4 b5
11. Nce5 Nxe5 12. Nxe5 Bb7 13. Re1 Qd5 14. g4 Qg2#
0-1

[Event "SPECIFY 7"]
[Site "SchemingMind.com"]
[Date "2014.08.07"]
[Round "-"]
[White "Phillip Beckett"]
[Black "dmlowrey"]
[Result "1-0"]
[WhiteCountry "ENG"]
[BlackCountry "USA"]
[WhiteElo "1531"]
[WhiteRD "49"]
[BlackElo "1360"]
[BlackRD "122"]
[GameID "362778"]

1. e4 c6 2. d4 d5 3. Nc3 dxe4 4. Nxe4 Nd7 5. Nf3 Ngf6 6. Bd3 e6 7. c3 Be7 8. O-O O-O 9. Bg5 c5 10. dxc5 Nxc5
11. Nxc5 Qb6 12. Nb3 Rd8 13. Qc2 Qd6 14. Rad1 Nd5 15. Bxe7 Qxe7 16. Bxh7+ Kh8 17. Be4 b6 18. Rfe1 g6 19. Bxd5 Rb8 20. Be4 Bd7
21. Qc1 Kg7 22. Qg5 Qd6 23. Rxd6
1-0

[Event "SPECIFY 7"]
[Site "SchemingMind.com"]
[Date "2014.08.08"]
[Round "-"]
[White "dmlowrey"]
[Black "Phillip Beckett"]
[Result "1-0"]
[WhiteCountry "USA"]
[BlackCountry "ENG"]
[WhiteElo "1360"]
[WhiteRD "122"]
[BlackElo "1531"]
[BlackRD "49"]
[GameID "362779"]

1. d4 d5 2. Bf4 Nf6 3. Nf3 e6 4. e3 Bd6 5. Bg3 Nbd7 6. Bd3 Qe7 7. Nc3 O-O 8. O-O c5 9. Ne5 cxd4 10. exd4 Nb6
11. Nb5 Bb8 12. b3 a6 13. Nc3 Bd7 14. Ne2 Bc6 15. Nf4 Nbd7 16. Nxc6 bxc6 17. Rc1 e5 18. dxe5 Nxe5 19. Re1 Nxd3 20. Rxe7 Nxf4
21. Qf3 Bd6 22. Re3
1-0

[Event "SPECIFY 7"]
[Site "SchemingMind.com"]
[Date "2014.08.07"]
[Round "-"]
[White "Scooter"]
[Black "dmlowrey"]
[Result "1-0"]
[WhiteCountry "USA"]
[BlackCountry "USA"]
[WhiteElo "1759"]
[WhiteRD "45"]
[BlackElo "1360"]
[BlackRD "122"]
[GameID "362780"]

1. d4 d5 2. Nf3 Nf6 3. Bf4 Bf5 4. e3 c6 5. Bd3 Bxd3 6. Qxd3 e6 7. O-O Bd6 8. Bxd6 Qxd6 9. Nbd2 O-O 10. c4 c5
11. dxc5 Qxc5 12. cxd5 Nxd5 13. Rac1 Qd6 14. e4 Re8 15. exd5 e5 16. Ne4 Qe7 17. d6 Qd8 18. Qd5 Qb6 19. Nxe5 Rf8 20. b3 Nc6
21. Nxc6 bxc6 22. Rxc6 Qb7 23. Qc4 Rfe8 24. Rc7 Qxe4 25. Qxf7+
1-0

[Event "SPECIFY 7"]
[Site "SchemingMind.com"]
[Date "2014.08.07"]
[Round "-"]
[White "dmlowrey"]
[Black "Scooter"]
[Result "0-1"]
[WhiteCountry "USA"]
[BlackCountry "USA"]
[WhiteElo "1360"]
[WhiteRD "122"]
[BlackElo "1759"]
[BlackRD "45"]
[GameID "362781"]

1. d4 Nf6 2. Bf4 g6 3. Nf3 Bg7 4. e3 O-O 5. Be2 b6 6. c4 Bb7 7. Nc3 d6 8. O-O Nbd7 9. Rc1 Re8 10. b4 Ne4
11. Qb3 e5 12. dxe5 Nxc3 13. Qxc3 Bxf3 14. Bxf3 Rb8 15. Bc6 dxe5 16. Bg3 e4 17. Qc2 Ne5 18. Bxe4 f5 19. Rfd1 Qe7 20. Bd5+ Kh8
21. a3 Rbd8 22. c5 c6 23. Bb3 Rxd1+ 24. Rxd1 Rd8 25. Rxd8+ Qxd8 26. Bxe5 Bxe5 27. Qc4 b5 28. Qe6 Bb2 29. Qxc6 Qd3 30. Qe8+ Kg7
31. Qf7+ Kh6 32. Qd5 Qb1+ 33. Qd1 Qe4 34. Bd5 Qe5 35. c6 Bxa3 36. Qc2 Qa1+
0-1

[Event "SPECIFY 7"]
[Site "SchemingMind.com"]
[Date "2014.08.08"]
[Round "-"]
[White "dmlowrey"]
[Black "David Perna-Fraser"]
[Result "0-1"]
[WhiteCountry "USA"]
[BlackCountry "CAN"]
[WhiteElo "1452"]
[WhiteRD "98"]
[BlackElo "2095"]
[BlackRD "88"]
[GameID "362782"]

1. d4 f5 2. Bf4 Nf6 3. Nf3 e6 4. e3 Be7 5. h3 O-O 6. Nc3 b6 7. Nb5 d6 8. Bc4 a6 9. Nc3 b5 10. Bb3 c5
11. a3 c4 12. Ba2 Bb7 13. O-O Qe8 14. b3 Nd5 15. Nxd5 Bxd5 16. bxc4 bxc4 17. Nd2 Qc6 18. f3 Nd7 19. Qe2 c3 20. Bxd5 Qxd5
21. Nb3 e5 22. Bg3 e4 23. f4 Nb6 24. Rfb1 Nc4 25. Be1 Rfc8 26. Bxc3 Nxa3 27. Rxa3 Rxc3 28. Ra5 Qc6 29. Rc1 Rxb3 30. Rxf5 Qc3
31. cxb3 Qxc1+ 32. Kh2 Qc6 33. Qh5 g6
0-1

[Event "SPECIFY 7"]
[Site "SchemingMind.com"]
[Date "2014.08.08"]
[Round "-"]
[White "David Perna-Fraser"]
[Black "dmlowrey"]
[Result "1-0"]
[WhiteCountry "CAN"]
[BlackCountry "USA"]
[WhiteElo "2095"]
[WhiteRD "88"]
[BlackElo "1452"]
[BlackRD "98"]
[GameID "362783"]

1. e4 c6 2. d4 d5 3. exd5 cxd5 4. Bd3 Nc6 5. c3 Qc7 6. h3 Bd7 7. Nf3 Nf6 8. O-O e6 9. Re1 Bd6 10. Qe2 O-O
11. Ne5 Rab8 12. Bg5 Ne4 13. Bxe4 dxe4 14. Nxd7 Qxd7 15. Qxe4 b5 16. Nd2 b4 17. Nc4 bxc3 18. bxc3 Be7 19. Bxe7 Nxe7 20. Ne5 Qd6
21. c4 Rb2 22. c5 Qd5 23. Qxd5 Nxd5 24. Nc4 Rb4 25. Rec1 Nf4 26. Kf1 Rfb8 27. a3 Rb3 28. Na5 Rb2 29. c6 Nd5 30. c7 Rc8
31. Nc4 Rb7 32. Nd6 Rcxc7 33. Nxb7
1-0

[Event "SPECIFY 7"]
[Site "SchemingMind.com"]
[Date "2014.08.08"]
[Round "-"]
[White "dmlowrey"]
[Black "Helga1946"]
[Result "0-1"]
[WhiteCountry "USA"]
[BlackCountry "GER"]
[WhiteElo "1360"]
[WhiteRD "122"]
[BlackElo "1989"]
[BlackRD "108"]
[GameID "362784"]

1. d4 d5 2. Bf4 Nf6 3. Nf3 g6 4. e3 Bg7 5. c4 c5 6. Be2 cxd4 7. Nxd4 dxc4 8. Bxc4 e5 9. Bxe5 Qa5+ 10. Nc3 Qxe5
11. O-O O-O 12. Rc1 Nc6 13. a3 Bd7 14. Qf3 Nxd4 15. exd4 Qxd4 16. Rfd1 Qxc4 17. Ne4 Qxe4
0-1

[Event "SPECIFY 7"]
[Site "SchemingMind.com"]
[Date "2014.08.08"]
[Round "-"]
[White "Helga1946"]
[Black "dmlowrey"]
[Result "1-0"]
[WhiteCountry "GER"]
[BlackCountry "USA"]
[WhiteElo "1989"]
[WhiteRD "108"]
[BlackElo "1360"]
[BlackRD "122"]
[GameID "362785"]

1. e4 c6 2. d4 d5 3. exd5 cxd5 4. c4 Nf6 5. Nc3 Nc6 6. Bg5 e6 7. Nf3 Bb4 8. cxd5 Bxc3+ 9. bxc3 exd5 10. Qe2+ Be6
11. Qb2 Qe7 12. Be2 O-O 13. O-O h6 14. Bxf6 gxf6 15. Bd3 f5 16. Rab1 b6 17. Rfe1 f6 18. Bxf5 Nd8 19. Rxe6 Qc7 20. Ree1 Nf7
21. Be6 Rad8 22. Qc2 Kg7 23. Nh4 Nh8 24. Nf5+ Kh7 25. Qd2
1-0

[Event "SPECIFY 7"]
[Site "SchemingMind.com"]
[Date "2014.08.10"]
[Round "-"]
[White "Steven DuCharme"]
[Black "SAMAEL"]
[Result "1-0"]
[WhiteCountry "USA"]
[BlackCountry "CAN"]
[WhiteElo "1741"]
[WhiteRD "69"]
[BlackElo "1548"]
[BlackRD "46"]
[GameID "362837"]

1. d4 d5 2. Nf3 e6 3. e3 Nf6 4. c4 Bb4+ 5. Bd2 Bxd2+ 6. Nbxd2 Nc6 7. Be2 O-O 8. O-O Bd7 9. a3 a6 10. b4 Ne7
11. c5 c6 12. Ne5 Be8 13. a4 Nd7 14. f4 Nf5 15. Ra3 Nxe5 16. fxe5 Qg5 17. Nf3 Qh6 18. Qd3 Nh4 19. e4
1-0

[Event "SPECIFY 7"]
[Site "SchemingMind.com"]
[Date "2014.08.09"]
[Round "-"]
[White "SAMAEL"]
[Black "Steven DuCharme"]
[Result "0-1"]
[WhiteCountry "CAN"]
[BlackCountry "USA"]
[WhiteElo "1548"]
[WhiteRD "46"]
[BlackElo "1741"]
[BlackRD "69"]
[GameID "362838"]

1. e4 e5 2. Nf3 Nc6 3. d3 h6 4. h3 d6 5. Nc3 f5 6. Be3 f4 7. Bd2 Be6 8. a3 Be7 9. Be2 Nf6 10. O-O g5
11. Nh2 h5 12. f3 Nd4 13. Re1 Qd7 14. Bf1 g4 15. hxg4 hxg4 16. fxg4 Bxg4 17. Nxg4 Qxg4 18. Qxg4 Nxg4 19. Rec1 Bh4
0-1

[Event "SPECIFY 7"]
[Site "SchemingMind.com"]
[Date "2014.08.09"]
[Round "-"]
[White "Phillip Beckett"]
[Black "SAMAEL"]
[Result "0-1"]
[WhiteCountry "ENG"]
[BlackCountry "CAN"]
[WhiteElo "1588"]
[WhiteRD "52"]
[BlackElo "1775"]
[BlackRD "48"]
[GameID "362843"]

1. e4 e5 2. Nf3 d6 3. d4 exd4 4. Nxd4 Nf6 5. Nc3 Bd7 6. Be2 Be7 7. O-O O-O 8. f4 h6 9. Bf3 Nc6 10. Qe1 Nxd4
0-1

[Event "SPECIFY 7"]
[Site "SchemingMind.com"]
[Date "2014.08.09"]
[Round "-"]
[White "SAMAEL"]
[Black "Phillip Beckett"]
[Result "0-1"]
[WhiteCountry "CAN"]
[BlackCountry "ENG"]
[WhiteElo "1548"]
[WhiteRD "46"]
[BlackElo "1540"]
[BlackRD "50"]
[GameID "362844"]

1. e4 e5 2. Nf3 Nc6 3. Be2 Nf6 4. d3 Be7 5. O-O O-O 6. h3 d6 7. a3 h6 8. Nc3 Nh7 9. Be3 Ng5 10. Nd5 Nxf3+
11. Bxf3 Nb8 12. c4 c5 13. b4 Be6 14. Re1 Nc6 15. Rb1 Nd4 16. bxc5 dxc5 17. Rxb7 Bxd5 18. exd5 Bd6 19. Bxd4 cxd4
0-1

[Event "SPECIFY 7"]
[Site "SchemingMind.com"]
[Date "2014.08.09"]
[Round "-"]
[White "Scooter"]
[Black "SAMAEL"]
[Result "1-0"]
[WhiteCountry "USA"]
[BlackCountry "CAN"]
[WhiteElo "1761"]
[WhiteRD "48"]
[BlackElo "1548"]
[BlackRD "46"]
[GameID "362845"]

1. d4 d5 2. Nf3 e6 3. Bf4 c5 4. e3 c4 5. c3 Bd7 6. Be2 Nf6 7. O-O Be7 8. Nbd2 O-O 9. Qc2 Nc6 10. e4 h6
11. h3 b5 12. exd5 Nxd5 13. Bg3 Bf6 14. Rfe1 Rc8 15. Ne4 Be7 16. Bd6 Be8 17. Bxe7 Ncxe7 18. Nc5 Qc7 19. Rac1 Nf6 20. Ne5
1-0

[Event "SPECIFY 7"]
[Site "SchemingMind.com"]
[Date "2014.08.09"]
[Round "-"]
[White "SAMAEL"]
[Black "Scooter"]
[Result "0-1"]
[WhiteCountry "CAN"]
[BlackCountry "USA"]
[WhiteElo "1548"]
[WhiteRD "46"]
[BlackElo "1761"]
[BlackRD "48"]
[GameID "362846"]

1. c4 Nf6 2. Nf3 g6 3. d4 Bg7 4. e3 O-O 5. Be2 d6 6. O-O Bg4 7. h3 Bxf3 8. Bxf3 c6 9. Nc3 Nbd7 10. Bd2 e5
11. d5 cxd5 12. Bxd5 Nxd5 13. Nxd5 Nb6 14. Nxb6 Qxb6 15. Rb1 Rac8 16. b3 Qc5 17. Qe2 d5 18. Rfc1 d4
0-1

[Event "SPECIFY 7"]
[Site "SchemingMind.com"]
[Date "2014.08.09"]
[Round "-"]
[White "SAMAEL"]
[Black "dmlowrey"]
[Result "0-1"]
[WhiteCountry "CAN"]
[BlackCountry "USA"]
[WhiteElo "1548"]
[WhiteRD "46"]
[BlackElo "1547"]
[BlackRD "80"]
[GameID "362847"]

1. e4 c6 2. Nf3 d5 3. exd5 cxd5 4. d4 Nf6 5. Nbd2 a6 6. Be2 Bg4 7. h3 Bh5 8. O-O e6 9. c3 Be7 10. Re1 O-O
11. Nf1 Nbd7 12. Ng3 Bxf3 13. Bxf3 Nb6
0-1

[Event "SPECIFY 7"]
[Site "SchemingMind.com"]
[Date "2014.08.10"]
[Round "-"]
[White "dmlowrey"]
[Black "SAMAEL"]
[Result "1-0"]
[WhiteCountry "USA"]
[BlackCountry "CAN"]
[WhiteElo "1547"]
[WhiteRD "80"]
[BlackElo "1548"]
[BlackRD "46"]
[GameID "362848"]

1. d4 d5 2. Nf3 e6 3. Bf4 Nf6 4. e3 c5 5. c3 Nc6 6. Bb5 Bd7 7. h3 a6 8. Bxc6 Bxc6 9. O-O Be7 10. Nbd2 O-O
11. Ne5 Rc8 12. Ndf3 h6 13. g4
1-0

[Event "SPECIFY 7"]
[Site "SchemingMind.com"]
[Date "2014.08.09"]
[Round "-"]
[White "SAMAEL"]
[Black "David Perna-Fraser"]
[Result "0-1"]
[WhiteCountry "CAN"]
[BlackCountry "CAN"]
[WhiteElo "1548"]
[WhiteRD "46"]
[BlackElo "2203"]
[BlackRD "58"]
[GameID "362849"]

1. e4 e5 2. Nf3 Nf6 3. d3 Nc6 4. Nc3 Bc5 5. h3 O-O 6. Be2 d6 7. O-O Ne7 8. Bg5 Ng6 9. Nd5 Be6 10. Nxf6+ gxf6
11. Bd2 d5 12. Kh1 Qe7 13. Nh2 Rad8 14. Qc1 dxe4 15. dxe4 Rd7 16. Be3 Bxe3
0-1

[Event "SPECIFY 7"]
[Site "SchemingMind.com"]
[Date "2014.08.10"]
[Round "-"]
[White "David Perna-Fraser"]
[Black "SAMAEL"]
[Result "1-0"]
[WhiteCountry "CAN"]
[BlackCountry "CAN"]
[WhiteElo "2203"]
[WhiteRD "58"]
[BlackElo "1548"]
[BlackRD "46"]
[GameID "362850"]

1. e4 e5 2. Nf3 d6 3. d4 exd4 4. Nxd4 Nf6 5. Nc3 Bd7 6. f3 Be7 7. Be3 Nc6 8. Qd2 Nxd4 9. Qxd4 a6 10. O-O-O O-O
11. g4 h6 12. h4 Nh7 13. Bf2 Bf6 14. Qe3 Be7 15. Bd3 Re8 16. e5 dxe5 17. Bxh7+
1-0

[Event "SPECIFY 7"]
[Site "SchemingMind.com"]
[Date "2014.08.09"]
[Round "-"]
[White "SAMAEL"]
[Black "Helga1946"]
[Result "0-1"]
[WhiteCountry "CAN"]
[BlackCountry "GER"]
[WhiteElo "1548"]
[WhiteRD "46"]
[BlackElo "2146"]
[BlackRD "80"]
[GameID "362851"]

1. Nf3 Nf6 2. Nc3 d5 3. e3 Bf5 4. Be2 Nc6 5. a3 e5 6. h3 d4 7. exd4 exd4 8. Na2 Bc5 9. d3 a5 10. O-O O-O
11. Re1 Re8 12. Bf4 Nd5 13. Bg3 Bd6 14. Bxd6 Qxd6 15. Qd2 Nf4 16. Bf1 Bd7
0-1

[Event "SPECIFY 7"]
[Site "SchemingMind.com"]
[Date "2014.08.09"]
[Round "-"]
[White "Helga1946"]
[Black "SAMAEL"]
[Result "1-0"]
[WhiteCountry "GER"]
[BlackCountry "CAN"]
[WhiteElo "2146"]
[WhiteRD "80"]
[BlackElo "1548"]
[BlackRD "46"]
[GameID "362852"]

1. Nf3 Nf6 2. c4 c5 3. g3 Nc6 4. d4 cxd4 5. Nxd4 Nxd4 6. Qxd4 e6 7. Bg2 Qc7 8. O-O Bc5 9. Qh4 Be7 10. Nc3 a6
11. Bg5 Ng8 12. Rad1 h6 13. Bxe7 Nxe7 14. c5 Rb8 15. Na4 Ng6 16. Qb4 O-O 17. f4
1-0

[Event "SPECIFY 7"]
[Site "SchemingMind.com"]
[Date "2014.08.10"]
[Round "-"]
[White "Steven DuCharme"]
[Black "Simon Green"]
[Result "0-1"]
[WhiteCountry "USA"]
[BlackCountry "ENG"]
[WhiteElo "1636"]
[WhiteRD "62"]
[BlackElo "1594"]
[BlackRD "54"]
[GameID "362877"]

1. c4 e6 2. g3 d5 3. Bg2 Nf6 4. Nf3 c6 5. O-O Bd6 6. d3 O-O 7. b3 Nbd7 8. Bb2 e5 9. Nbd2 d4 10. e3 c5
11. Ne4 Nxe4 12. dxe4 Nf6 13. Qd3 h6 14. exd4 cxd4 15. a3 Bg4 16. h3 Bxf3 17. Bxf3 Qd7 18. Kg2 Rac8 19. b4 b6 20. Rfb1 Qc6
21. c5 bxc5 22. bxc5 Bxc5 23. Bc1 Nd7 24. a4 Rb8 25. Rb5 Rxb5 26. axb5 Qb7 27. Ba3 Bxa3 28. Rxa3 Nc5 29. Qc4 Qb6 30. Qb4 Rd8
31. g4 g5 32. Bd1 a6 33. f3 axb5 34. Ra5 Rb8 35. Kf1 Nd3 36. Qd2= Nf4
0-1

[Event "SPECIFY 7"]
[Site "SchemingMind.com"]
[Date "2014.08.10"]
[Round "-"]
[White "Simon Green"]
[Black "Steven DuCharme"]
[Result "1-0"]
[WhiteCountry "ENG"]
[BlackCountry "USA"]
[WhiteElo "1594"]
[WhiteRD "54"]
[BlackElo "1636"]
[BlackRD "62"]
[GameID "362878"]

1. d4 d5 2. e3 Nf6 3. Bd3 g6 4. f4 Bg4 5. Nf3 Bg7 6. O-O a6 7. Nbd2 Nbd7 8. Qe1 c5 9. c3 O-O 10. Ne5 c4
11. Bc2 Rc8 12. h3 Be6 13. Ndf3 Nxe5 14. fxe5 Nd7 15. e4 dxe4 16. Bxe4 Qc7 17. Qh4 Rfe8 18. Ng5 Nf8 19. Rf2 h6 20. Nxe6 Nxe6
21. Bxh6 Rf8 22. Bxg7 Kxg7 23. Raf1 b5 24. Qg4
1-0

[Event "SPECIFY 7"]
[Site "SchemingMind.com"]
[Date "2014.08.11"]
[Round "-"]
[White "emvarela"]
[Black "Simon Green"]
[Result "0-1"]
[WhiteCountry "ARG"]
[BlackCountry "ENG"]
[WhiteElo "1627"]
[WhiteRD "46"]
[BlackElo "1608"]
[BlackRD "55"]
[GameID "362881"]

1. e4 e6 2. d4 d5 3. Nc3 Nf6 4. e5 Nfd7 5. f4 c5 6. dxc5 Bxc5 7. Nf3 Nc6 8. a3 O-O 9. Bb5 Qb6 10. Bxc6 Bf2+
11. Kf1 bxc6 12. Qe2 Ba6
0-1

[Event "SPECIFY 7"]
[Site "SchemingMind.com"]
[Date "2014.08.11"]
[Round "-"]
[White "Simon Green"]
[Black "emvarela"]
[Result "1-0"]
[WhiteCountry "ENG"]
[BlackCountry "ARG"]
[WhiteElo "1667"]
[WhiteRD "55"]
[BlackElo "1686"]
[BlackRD "48"]
[GameID "362882"]

1. d4 Nf6 2. e3 d5 3. Bd3 e6 4. f4 c5 5. c3 cxd4 6. cxd4 Bb4+ 7. Bd2 Bxd2+ 8. Nxd2 O-O 9. Ngf3 Nc6 10. O-O Bd7
11. Ne5 Nxe5 12. fxe5 Ne8 13. Qh5 g6 14. Qh6 Ng7 15. Rf6 Nf5 16. Bxf5 exf5 17. Nf3
1-0

[Event "SPECIFY 7"]
[Site "SchemingMind.com"]
[Date "2014.08.09"]
[Round "-"]
[White "Phillip Beckett"]
[Black "Simon Green"]
[Result "1/2-1/2"]
[WhiteCountry "ENG"]
[BlackCountry "ENG"]
[WhiteElo "1531"]
[WhiteRD "49"]
[BlackElo "1594"]
[BlackRD "54"]
[GameID "362883"]

1. e4 e6 2. d4 d5 3. Nd2 Nf6 4. e5 Nfd7 5. f4 c5 6. c3 Nc6 7. Ndf3 c4 8. Ne2 b5 9. g3 a5 10. a3 a4
11. h4 Be7 12. Bh3 O-O 13. Ng5 f5 14. Nxe6 Qe8 15. Nxf8 Nxf8 16. Qc2 Qg6 17. O-O Be6 18. Kh2 h5 19. Ng1 Qf7 20. Nf3 g6
21. Ng5 Bxg5 22. hxg5 Kg7 23. Rh1 Na5 24. Be3 Nb3 25. Rag1 Nd7 26. Bf1 Rh8 27. Kg2 Kf8 28. Be2 Qg7 29. Bd1 Ke7 30. Qb1 Bf7
31. Bxb3 axb3 32. Qe1 Nb6 33. Bc1 Na4 34. Qe2 Ke6=
1/2-1/2

[Event "SPECIFY 7"]
[Site "SchemingMind.com"]
[Date "2014.08.09"]
[Round "-"]
[White "Simon Green"]
[Black "Phillip Beckett"]
[Result "1-0"]
[WhiteCountry "ENG"]
[BlackCountry "ENG"]
[WhiteElo "1594"]
[WhiteRD "54"]
[BlackElo "1531"]
[BlackRD "49"]
[GameID "362884"]

1. d4 d5 2. e3 e6 3. Bd3 c5 4. c3 Nc6 5. f4 Bd6 6. Nf3 Nf6 7. O-O O-O 8. Nbd2 cxd4 9. cxd4 Bd7 10. a3 Rc8
11. Ne5 Bxe5 12. fxe5 Ne8 13. e4 dxe4 14. Nxe4 Nxd4 15. Qg4 f5 16. exf6 Nxf6 17. Nxf6+ Rxf6 18. Qxd4 Rxf1+ 19. Bxf1 Qe7 20. Be3 b6
21. Rc1 Rxc1 22. Bxc1 Bc6 23. Bc4 Kf8 24. Bd2 Kf7 25. Bc3 Qc5 26. Qxc5 bxc5 27. b4 cxb4 28. Bxb4 Bd5 29. Bxd5 exd5 30. Kf2 Ke6
31. Ke3 Kd7 32. Kd4 Kc6 33. g4 g6 34. h4
1-0

[Event "SPECIFY 7"]
[Site "SchemingMind.com"]
[Date "2014.08.09"]
[Round "-"]
[White "Scooter"]
[Black "Simon Green"]
[Result "0-1"]
[WhiteCountry "USA"]
[BlackCountry "ENG"]
[WhiteElo "1759"]
[WhiteRD "45"]
[BlackElo "1594"]
[BlackRD "54"]
[GameID "362885"]

1. d4 e6 2. Nf3 d5 3. Bf4 c5 4. e3 Nf6 5. c3 Nc6 6. Bb5 Bd7 7. O-O cxd4 8. cxd4 Be7 9. Nbd2 O-O 10. h3 Ne4
11. a3 Qb6 12. Bxc6 Nxd2 13. Bxb7 Nxf3+ 14. Qxf3 Qxb7 15. Qg3 Qxb2 16. Rfb1 Qc2 17. Rb7 Qa4 18. Rab1 Rfd8 19. Bd6 Bxd6 20. Qxd6 Qc6
21. Qxc6 Bxc6 22. Rc7 Rdc8
0-1

[Event "SPECIFY 7"]
[Site "SchemingMind.com"]
[Date "2014.08.09"]
[Round "-"]
[White "Simon Green"]
[Black "Scooter"]
[Result "0-1"]
[WhiteCountry "ENG"]
[BlackCountry "USA"]
[WhiteElo "1594"]
[WhiteRD "54"]
[BlackElo "1759"]
[BlackRD "45"]
[GameID "362886"]

1. d4 Nf6 2. e3 g6 3. Bd3 Bg7 4. f4 O-O 5. Nf3 d6 6. O-O Bg4 7. Nbd2 Nbd7 8. Qe1 e5 9. fxe5 dxe5 10. dxe5 Nd5
11. Nc4 b5 12. Ncd2 Bxf3 13. Nxf3 Nxe5 14. Nxe5 Bxe5 15. Bxb5 a6 16. Bc6 Rb8 17. e4 Ne7 18. Bh6 Bxb2 19. Bxf8 Bxa1 20. Bxe7 Bd4+
21. Kh1 Qxe7 22. g3 Rb2 23. Bd5 Bf6 24. e5 Qxe5 25. Qxe5 Bxe5 26. Bxf7+ Kg7 27. Bb3 a5 28. a4 h5 29. Kg2 c5 30. Kf3 c4
31. Bxc4 Rxc2 32. Bb5 Rxh2 33. Re1 Bd6 34. Re8 Rh3 35. Ra8 Rxg3+ 36. Kf2 Rg5 37. Rxa5 h4 38. Ra6 Bc5+ 39. Kf1 h3 40. Bd3 h2
41. Be4 Rg1+
0-1

[Event "SPECIFY 7"]
[Site "SchemingMind.com"]
[Date "2014.08.10"]
[Round "-"]
[White "SAMAEL"]
[Black "Simon Green"]
[Result "0-1"]
[WhiteCountry "CAN"]
[BlackCountry "ENG"]
[WhiteElo "1548"]
[WhiteRD "46"]
[BlackElo "1667"]
[BlackRD "55"]
[GameID "362887"]

1. e4 e6 2. Nf3 d5 3. exd5 exd5 4. d4 Nf6 5. Be2 Bd6 6. O-O O-O 7. h3 Be6 8. Nc3 Nbd7 9. Be3 Ne4 10. Nxe4 dxe4
11. Nd2 Nf6 12. c3 g6 13. Bc4 Bxc4 14. Nxc4 Nd5 15. Bd2 f5 16. Ne3 Nf4
0-1

[Event "SPECIFY 7"]
[Site "SchemingMind.com"]
[Date "2014.08.10"]
[Round "-"]
[White "Simon Green"]
[Black "SAMAEL"]
[Result "1-0"]
[WhiteCountry "ENG"]
[BlackCountry "CAN"]
[WhiteElo "1667"]
[WhiteRD "55"]
[BlackElo "1548"]
[BlackRD "46"]
[GameID "362888"]

1. d4 d5 2. e3 e6 3. Bd3 Nf6 4. f4 Nc6 5. Nf3 Be7 6. O-O O-O 7. c3 a6 8. Nbd2 h6 9. Qe1 Nh7 10. Ne5 Bd7
11. Qg3 Be8 12. Ndf3 Nxe5 13. fxe5 Ng5 14. Nxg5 Bxg5 15. e4 Bxc1 16. Raxc1 c6 17. exd5
1-0

[Event "SPECIFY 7"]
[Site "SchemingMind.com"]
[Date "2014.08.09"]
[Round "-"]
[White "Simon Green"]
[Black "dmlowrey"]
[Result "1-0"]
[WhiteCountry "ENG"]
[BlackCountry "USA"]
[WhiteElo "1594"]
[WhiteRD "54"]
[BlackElo "1360"]
[BlackRD "122"]
[GameID "362889"]

1. d4 d5 2. e3 c6 3. Bd3 Nf6 4. f4 Bg4 5. Nf3 e6 6. O-O Bd6 7. Nbd2 O-O 8. Qe1 Nbd7 9. Ne5 Bxe5 10. fxe5 Ne8
11. e4 Rc8 12. exd5 exd5 13. Qg3 Bh5 14. Nf3 Bxf3 15. Rxf3 c5 16. Bh6 Qb6 17. b3 Qxh6 18. dxc5 Nxc5 19. Raf1 Nxd3 20. cxd3 Nc7
21. d4 Ne6 22. Qg4 Ng5 23. Rf5 Ne4 24. Rxf7 Rxf7 25. Qxc8+
1-0